Normal view
MARC view
- Clifton-Mogg, Caroline
Entry Personal Name
001 - CONTROL NUMBER
- control field: 88788
003 - CONTROL NUMBER IDENTIFIER
- control field: NUST
005 - DATE AND TIME OF LATEST TRANSACTION
- control field: 20220204121646.0
008 - FIXED-LENGTH DATA ELEMENTS
- fixed length control field: 220204|| aca||aabn | a|a d
040 ## - CATALOGING SOURCE
- Original cataloging agency: NUST
- Transcribing agency: NUST
100 ## - HEADING--PERSONAL NAME
- Personal name: Clifton-Mogg, Caroline
670 ## - SOURCE DATA FOUND
- Source citation: Work cat.: (NUST)587618: Clifton-Mogg, Caroline, The Curtain Book : , 1988.
